000 01206nam a2200241Ia 4500
999 _c55168
_d55168
001 22243
003 GE_BSU
005 20230214170433.0
008 181216s2015||||ge |||||||||||||| ||geo||
020 _a9789941134227
040 _cGE_BSU
080 _a821.353.1.09 რ-26
100 _aრატიანი, ირმა
_95778
245 _aქართული მწერლობა და მსოფლიო ლიტერატურული პროცესი /
_cირმა რატიანი ; რედაქტორი თეიმურაზ დოიაშვილი.
264 _aთბილისი :
_bთსუ გამ-ბა,
_c2015.
300 _a352 გვ. ;
_c20 სმ.
500 _aპარალელური სათაური ინგლისურ ენაზე
520 _aრეზიუმე ინგლისურ ენაზე
541 _h15 ლ.
653 _aქართული მწერლობა და მსოფლიო ლიტერატურული პროცესი
700 _aდოიაშვილი, თეიმურაზ
_eრედაქტორი
_96768
942 _cBK
_2udc